00921cam a22002531 4500001001300000003000400013005001700017008004100034010001700075035001900092040006600111042001200177050002100189082001100210110003900221245004800260260004900308300003000357490002700387500010000414500006900514700002500583810005900608ss 49000008 DLC20260227112751.0750912s1949 xx f000 0 eng c ass 49000008  a(OCoLC)1621114 aU. S. Social Security Administration. LibrarycFMdOCoLCdDLC apremarc00aRG525b.U55 1949 a362.151 aUnited States.bChildren's Bureau.10aPrenatal care.cCompletely rewritten, 1949. a[Washington,bU.S. Govt. Print. Off.]c1949. aiv, 76 p.billus.c23 cm.1 aIts Publicationvno. 4 a"This bulletin was written by Dr. Ann DeHuff Peters under the direction of Dr. Katherine Bain." a"Suggested reading on pregnancy and baby care": p. [4] of cover.1 aPeters, Ann De Huff.1 aUnited States.bChildren's BureaubPublicationvno. 4.